000 004580000a22001810004500
003 MACL
005 20151021114636.0
008 151021b xxu||||| |||| 00| 0 eng d
040 _aMACL
_cMACL
041 _aEnglish
082 _a954/KUM
100 _aKumar, B.B.
_9867
245 _aTrends Of British Annexation Of North East India
260 _bOmsons Publications
_c1994
_aNew Delhi
350 _a150
650 _aHistory
_916132
942 _cBK
_k954
_2ddc
999 _c2760
_d2760